| 000 | 01418nam a2200373 i 4500 | ||
|---|---|---|---|
| 003 | CO-BoRNBP | ||
| 005 | 20230404131004.0 | ||
| 007 | ta | ||
| 008 | 221116s2022 ck a |ar ||| 00| 1 spa d | ||
| 020 | _a9789588846835 | ||
| 040 |
_aCO-BoRNBP _bspa _erda _cCO-BoRNBP |
||
| 041 | 0 |
_aspa _hfre |
|
| 043 | _ae-be--- | ||
| 084 | _aA DEL14 | ||
| 100 | 1 |
_aDelacroix, Sibylle _d1974- _eautora _9885 |
|
| 245 | 1 | 0 |
_aGranos de arena _cilustraciones y texto Sibylle Delacroix ; traducción de Clara Lairla González |
| 250 | _aEdición especial | ||
| 264 | 1 |
_aBogotá, Colombia _bAlianza Distribuidora de Colombia _c2022 |
|
| 300 |
_a28 páginas sin numerar _bilustraciones a color _c26 cm |
||
| 336 |
_atexto _btxt _2rdacontent |
||
| 337 |
_asin mediación _bn _2rdamedia |
||
| 338 |
_avolumen _bnc _2rdacarrier |
||
| 490 | 0 | _aPlan Nacional de Lectura y Escritura Leer es mi Cuento / Ministerio de Cultura | |
| 521 | _aRecomendado para un público infantil mayor de 3 años | ||
| 534 | _tGraines de sable | ||
| 650 | 1 | 7 |
_aÁlbumes infantiles belgas _ySiglo XX _2LEMB _9886 |
| 650 | 1 | 7 |
_aLiteratura infantil belga _ySiglo XX _2LEMB _9887 |
| 650 | 1 | 7 |
_aAutores belgas _ySiglo XX _2LEMB _9888 |
| 650 | 1 | 7 |
_aVacaciones en la literatura _2LEMB _9889 |
| 650 | 1 | 7 |
_aImaginación en la literatura _2LEMB _9890 |
| 650 | 1 | 7 |
_aEmociones en la literatura _2LEMB _9891 |
| 700 | 1 |
_aLairla González, Clara _etraductora _9892 |
|
| 942 |
_2ddc _cBK |
||
| 999 |
_c9324 _d9324 |
||